ბათუმის შოთა რუსთაველის სახელმწიფო უნივერსიტეტის ბიბლიოთეკა

The Jews in macedonia XV-XVII century / (ბიბ.ჩანაწერი № 41506)

000 -LEADER
fixed length control field 00526nam a2200205Ia 4500
001 - CONTROL NUMBER
control field 8173
003 - CONTROL NUMBER IDENTIFIER
control field GE_BSU
005 - DATE AND TIME OF LATEST TRANSACTION
control field 20240402105146.0
008 - FIXED-LENGTH DATA ELEMENTS--GENERAL INFORMATION
fixed length control field 181216s2011||||enk|||||||||||||| ||eng||
020 ## - INTERNATIONAL STANDARD BOOK NUMBER
International Standard Book Number 9786086514334
040 ## - CATALOGING SOURCE
Transcribing agency GE_BSU
041 ## - LANGUAGE CODE
Language code of text/sound track or separate title eng
080 ## - UNIVERSAL DECIMAL CLASSIFICATION NUMBER
Universal Decimal Classification number 94(411.16) J-23
100 ## - MAIN ENTRY--PERSONAL NAME
Personal name Janev, Vladimir
9 (RLIN) 21677
245 #4 - TITLE STATEMENT
Title The Jews in macedonia XV-XVII century /
Statement of responsibility, etc. Vladimir Janev
264 ## - PRODUCTION, PUBLICATION, DISTRIBUTION, MANUFACTURE, AND COPYRIGHT NOTICE
Place of production, publication, distribution, manufacture ?
Name of producer, publisher, distributor, manufacturer ?
Date of production, publication, distribution, manufacture, or copyright notice 2011.
300 ## - PHYSICAL DESCRIPTION
Extent 317 p;
Dimensions 21 cm.
653 ## - INDEX TERM--UNCONTROLLED
keyword The Jews in macedonia XV-XVII century
942 ## - ADDED ENTRY ELEMENTS (KOHA)
Koha item type წიგნი
Source of classification or shelving scheme
ეგზემპლარები
Withdrawn status Lost status Source of classification or shelving scheme Damaged status Not for loan Permanent Location Current Location Shelving location Date acquired Full call number Barcode Date last seen Copy number Price effective from Koha item type
          ბათუმის შოთა რუსთაველის სახელმწიფო უნივერსიტეტის მთავარი ბიბლიოთეკა ბათუმის შოთა რუსთაველის სახელმწიფო უნივერსიტეტის მთავარი ბიბლიოთეკა წიგნსაცავი 2018-12-17 94(411.16) J-23 26411 2018-12-17 26411 2018-12-17 წიგნი